[Event "SVK-chT2A 1314"]
[Site "Slovakia"]
[Date "2014.02.01"]
[Round "7.6"]
[White "Merva, Frantisek"]
[Black "Helbich, Branislav"]
[Result "1-0"]
[WhiteElo "2022"]
[BlackElo "2050"]
[PlyCount "129"]
[EventDate "2013.10.19"]
[EventType "team-tourn"]
[EventRounds "11"]
[EventCountry "SVK"]
[SourceTitle "EXT 2015"]
[Source "ChessBase"]
[SourceDate "2014.11.20"]
[SourceVersion "1"]
[SourceVersionDate "2014.11.20"]
[SourceQuality "1"]
[WhiteTeam "Dunajska Streda II"]
[BlackTeam "Bratislava Doprastav III"]
[WhiteTeamCountry "SVK"]
[BlackTeamCountry "SVK"]

1. d4 d5 2. c4 c6 3. Nc3 Nf6 4. e3 g6 5. Nf3 Bg7 6. Be2 0-0 7. 0-0 Nbd7 8. b3 Nb6 9. a4 a5 10. Rb1 Re8 11. Ne5 Ne4 12. Nxe4 dxe4 13. h3 Qc7 14. Ba3 f6 15. Ng4 Nd7 16. Qc2 f5 17. Nh2 Nf6 18. Rfd1 Be6 19. Rd2 Bf7 20. Rbd1 e6 21. Nf1 Rac8 22. Ng3 h6 23. Qb1 g5 24. Bb2 Bg6 25. Qa1 f4 26. Nf1 Rf8 27. Bg4 Nxg4 28. hxg4 Rf7 29. d5 cxd5 30. cxd5 exd5 31. Rxd5 Rcf8 32. Bxg7 Rxg7 33. Qd4 Qc2 34. exf4 gxf4 35. g5 h5 36. Qb6 Bf7 37. Rd7 Qxb3 38. Qd4 Qe6 39. Rxb7 Rxg5 40. Rb5 Rxb5 41. axb5 Rb8 42. Qc5 Rb6 43. Qg5+ Qg6 44. Qxf4 Rxb5 45. Ne3 a4 46. Rd6 Qg5 47. Qxe4 Ra5 48. f4 Qc5 49. Rc6 Qa7 50. Kh2 Qd7 51. Nc4 Ra7 52. Ne5 Qe7 53. Rc8+ Kg7 54. Rc3 a3 55. Rg3+ Kf8 56. Ng6+ Bxg6 57. Qxg6 Qf7 58. Qd6+ Qe7 59. Qh6+ Ke8 60. Rg8+ Kd7 61. Rg7 Ra5 62. Rxe7+ Kxe7 63. Qb6 Ra4 64. Qc7+ Kf8 65. Qd8+ 1-0

[Event "SVK-chT1W 1112"]
[Site "Slovakia"]
[Date "2012.01.08"]
[Round "7.7"]
[White "Kolcak, Marek"]
[Black "Helbich, Branislav"]
[Result "1/2-1/2"]
[WhiteElo "2145"]
[BlackElo "2036"]
[PlyCount "135"]
[EventDate "2011.10.15"]
[EventType "team-tourn"]
[EventRounds "11"]
[EventCountry "SVK"]
[SourceTitle "EXT 2013"]
[Source "ChessBase"]
[SourceDate "2012.11.22"]
[SourceVersion "1"]
[SourceVersionDate "2012.11.22"]
[SourceQuality "1"]
[WhiteTeam "Bratislava Slovan II"]
[BlackTeam "Budmerice"]
[WhiteTeamCountry "SVK"]
[BlackTeamCountry "SVK"]

1. e4 e5 2. Nf3 Nc6 3. Bb5 Nf6 4. d4 Nxd4 5. Nxd4 exd4 6. Qxd4 c6 7. Bc4 d5 8. exd5 Nxd5 9. 0-0 Be6 10. Re1 Nc7 11. Qc3 Qh4 12. g3 Qg4 13. Bf4 0-0-0 14. Bxc7 Kxc7 15. Qa5+ Kc8 16. Bxe6+ fxe6 17. Qxa7 Qb4 18. Nc3 Bc5 19. a3 Qd4 20. Qa8+ Kc7 21. Qa5+ Bb6 22. Qe5+ Qxe5 23. Rxe5 Rd2 24. Re2 Rxe2 25. Nxe2 Rd8 26. Rc1 g5 27. b4 e5 28. c4 Rd2 29. Kf1 Kd7 30. c5 Bc7 31. Nc3 Ke6 32. Ne4 Rd3 33. Rc3 Rxc3 34. Nxc3 Kf5 35. f3 h5 36. Ne4 g4 37. Kf2 Ke6 38. Ke3 b6 39. a4 bxc5 40. Nxc5+ Kd5 41. fxg4 hxg4 42. a5 Bxa5 43. Ne4 Bb6+ 44. Kd3 Ke6 45. Nc3 Bd4 46. Ne4 Bg1 47. Ke2 Bb6 48. Kd3 Bd8 49. Nc5+ Kd5 50. Ne4 Be7 51. Nf2 Bxb4 52. Nxg4 e4+ 53. Ke2 Be7 54. Ne3+ Ke6 55. h4 Bd6 56. g4 Bf4 57. Nf5 c5 58. Ne3 Bg3 59. Nf5 Bf4 60. Ne3 Bh6 61. Nf5 Bf8 62. Ke3 Ke5 63. Ng3 c4 64. Nxe4 Be7 65. h5 Bf8 66. g5 Kf5 67. g6 Bg7 68. Nd6+ 1/2-1/2

[Event "SVK-chT1W 1011"]
[Site "Slovakia"]
[Date "2010.11.07"]
[Round "2.8"]
[White "Sturdik, Igor"]
[Black "Helbich, Branislav"]
[Result "1/2-1/2"]
[WhiteElo "2071"]
[BlackElo "2021"]
[PlyCount "82"]
[EventDate "2010.11.06"]
[EventType "team-tourn"]
[EventRounds "11"]
[EventCountry "SVK"]
[SourceTitle "EXT 2012"]
[Source "ChessBase"]
[SourceDate "2011.11.24"]
[SourceVersion "1"]
[SourceVersionDate "2011.11.24"]
[SourceQuality "1"]
[WhiteTeam "Trnava Lokomotiva"]
[BlackTeam "Budmerice"]
[WhiteTeamCountry "SVK"]
[BlackTeamCountry "SVK"]

1. e4 e5 2. Nf3 Nc6 3. d4 exd4 4. Bc4 Be7 5. Nxd4 d6 6. 0-0 Nxd4 7. Qxd4 Bf6 8. Qd3 Ne7 9. Nc3 0-0 10. Be3 Nc6 11. f4 Na5 12. Rad1 Nxc4 13. Qxc4 Be6 14. Nd5 Bxd5 15. Rxd5 Qe7 16. Rfd1 b6 17. b3 Rfe8 18. e5 dxe5 19. Rd7 Qe6 20. Qxe6 Rxe6 21. Rxc7 exf4 22. Bxf4 Re7 23. Rdd7 Rxd7 24. Rxd7 Kf8 25. c4 Ke8 26. Rb7 Bd4+ 27. Kf1 a6 28. a4 Bc5 29. Bc7 Kd7 30. Bg3+ Ke6 31. Bf2 a5 32. Rc7 Rb8 33. Ke2 g6 34. Kf3 h5 35. Be3 f5 36. Bf4 Rd8 37. Ke2 Rd4 38. Bd2 Re4+ 39. Kd3 Rd4+ 40. Ke2 Re4+ 41. Kd3 Rd4+ 1/2-1/2

[Event "SVK-chT1E 0708"]
[Site "Slovakia"]
[Date "2007.10.14"]
[Round "2.4"]
[White "Helbich, Branislav"]
[Black "Vrablik, Miroslav"]
[Result "0-1"]
[WhiteElo "2096"]
[BlackElo "2079"]
[PlyCount "82"]
[EventDate "2007.10.13"]
[EventType "team-swiss"]
[EventRounds "11"]
[EventCountry "SVK"]
[SourceTitle "EXT 2019"]
[Source "ChessBase"]
[SourceDate "2018.10.10"]
[SourceVersion "1"]
[SourceVersionDate "2018.10.10"]
[SourceQuality "1"]
[WhiteTeam "Budmerice"]
[BlackTeam "Prievidza SK"]
[WhiteTeamCountry "SVK"]
[BlackTeamCountry "SVK"]

1. e4 c5 2. Nf3 d6 3. d4 cxd4 4. Nxd4 Nf6 5. Bd3 g6 6. c4 Bg7 7. Nc3 0-0 8. 0-0 Nc6 9. Nxc6 bxc6 10. Qc2 Be6 11. Bg5 Rb8 12. Rae1 Re8 13. b3 d5 14. exd5 cxd5 15. cxd5 Nxd5 16. Nxd5 Qxd5 17. Bc1 Rbc8 18. Qb1 Qd6 19. Rd1 Red8 20. Be3 Qb8 21. Rc1 Bd5 22. Rxc8 Rxc8 23. Be4 e6 24. Bxd5 exd5 25. Rd1 Rd8 26. Qd3 h5 27. Qa6 d4 28. Bc1 Rd6 29. Qd3 Qe8 30. Bb2 Rd7 31. Kf1 Qe5 32. Qe2 Qxe2+ 33. Kxe2 d3+ 34. Kd2 Bxb2 35. Rb1 Be5 36. g3 Kg7 37. b4 Kf6 38. b5 Bc7 39. Rb3 Ba5+ 40. Kd1 d2 41. Re3 Rd5 0-1

[Event "SVK-chT2A 0506"]
[Site "Slovakia"]
[Date "2006.02.11"]
[Round "8.8"]
[White "Halasz, Michal"]
[Black "Helbich, Branislav"]
[Result "0-1"]
[WhiteElo "1902"]
[BlackElo "2070"]
[PlyCount "148"]
[EventDate "2005.10.22"]
[EventType "team-tourn"]
[EventRounds "11"]
[EventCountry "SVK"]
[SourceTitle "EXT 2009"]
[Source "ChessBase"]
[SourceDate "2008.11.26"]
[SourceVersion "1"]
[SourceVersionDate "2008.11.26"]
[SourceQuality "1"]

1. Nf3 Nf6 2. c4 g6 3. d4 Bg7 4. Nc3 0-0 5. e4 d6 6. Bg5 Bg4 7. Be2 c6 8. 0-0 Qc7 9. h3 Be6 10. Qd2 Rd8 11. Rac1 a5 12. a3 Na6 13. Rfe1 Ne8 14. Bd3 b6 15. Be3 Qb7 16. Qe2 Bc8 17. Na4 c5 18. d5 Nb8 19. Nc3 Nd7 20. Qd2 Ne5 21. Nxe5 dxe5 22. Ne2 Nd6 23. Ng3 Ra7 24. a4 e6 25. b3 Qe7 26. f3 Bf6 27. Nf1 Bh4 28. Bf2 Bf6 29. Nh2 Bg7 30. Be3 exd5 31. exd5 f5 32. Bg5 Bf6 33. Bxf6 Qxf6 34. Qc3 Re7 35. Re2 Kg7 36. Rce1 Rde8 37. Nf1 f4 38. Nd2 Bf5 39. Ne4 Bxe4 40. Bxe4 Qg5 41. Bd3 Qf6 42. Qb2 Nf7 43. Bb1 Qd6 44. Qc2 Nh6 45. Qc3 Ng8 46. Kh2 Nf6 47. Be4 Nh5 48. Rg1 Qf6 49. Qe1 Ng3 50. Ra2 Rd8 51. Qb1 Rd6 52. Qd3 Qg5 53. Re1 Qh4 54. Qc3 Kf6 55. Bb1 Qg5 56. Qb2 Kf7 57. Be4 Qf6 58. Bb1 h5 59. Qc2 Nf5 60. Qf2 Nd4 61. Rb2 g5 62. Be4 Re8 63. Rg1 g4 64. Kh1 Rg8 65. Rbb1 Qe7 66. Rb2 Rg7 67. Rbb1 Rh6 68. Rb2 Rh8 69. Rbb1 Kf8 70. Bc2 Rhg8 71. Rbe1 gxh3 72. gxh3 Rg3 73. Rxg3 Rxg3 74. Be4 Qh4 0-1

[Event "SVK-chT2A 0506"]
[Site "Slovakia"]
[Date "2005.12.17"]
[Round "5.8"]
[White "Hertel, Ondrej"]
[Black "Helbich, Branislav"]
[Result "1/2-1/2"]
[WhiteElo "1960"]
[BlackElo "2070"]
[PlyCount "74"]
[EventDate "2005.10.22"]
[EventType "team-tourn"]
[EventRounds "11"]
[EventCountry "SVK"]
[SourceTitle "EXT 2009"]
[Source "ChessBase"]
[SourceDate "2008.11.26"]
[SourceVersion "1"]
[SourceVersionDate "2008.11.26"]
[SourceQuality "1"]

1. d4 d5 2. c4 c6 3. Nf3 Nf6 4. Nc3 e6 5. Bg5 Be7 6. e3 0-0 7. Bd3 Nbd7 8. 0-0 h6 9. Bh4 Re8 10. Rc1 Nf8 11. Ne5 N6d7 12. Bxe7 Qxe7 13. Qe2 Nxe5 14. dxe5 Nd7 15. f4 f6 16. exf6 Nxf6 17. Bg6 Rf8 18. Rfd1 b6 19. cxd5 exd5 20. h3 Bb7 21. e4 Nxe4 22. Nxe4 dxe4 23. Qxe4 Qxe4 24. Bxe4 Rac8 25. Rd7 Rf7 26. Rcd1 Rc7 27. Rxc7 Rxc7 28. Bg6 Kf8 29. Re1 Rc8 30. Rd1 Ke7 31. Bf5 Rc7 32. Be4 Bc8 33. Kf2 Be6 34. a3 c5 35. Rd2 a5 36. Re2 Kf6 37. Rd2 Ke7 1/2-1/2

[Event "SVK-chT1W 0304"]
[Site "Slovakia"]
[Date "2004.??.??"]
[Round "9"]
[White "Rachela, Jozef"]
[Black "Helbich, Branislav"]
[Result "0-1"]
[WhiteElo "2100"]
[BlackElo "2065"]
[PlyCount "116"]
[EventDate "2003.10.??"]
[EventType "team"]
[EventRounds "9"]
[EventCountry "SVK"]
[SourceTitle "EXT 2005"]
[Source "ChessBase"]
[SourceDate "2004.11.15"]
[SourceVersion "1"]
[SourceVersionDate "2004.11.15"]
[SourceQuality "1"]

1. e4 e5 2. Nf3 Nc6 3. Bb5 d6 4. 0-0 Bd7 5. c3 Nf6 6. Re1 a6 7. Ba4 Be7 8. d4 b5 9. Bb3 0-0 10. Nbd2 exd4 11. cxd4 Bg4 12. Qc2 Na5 13. e5 Nxb3 14. Qxb3 Nd7 15. h3 Be6 16. Qc2 dxe5 17. dxe5 Nc5 18. Ne4 Qd3 19. Qxd3 Nxd3 20. Rd1 Rfd8 21. b3 Bf5 22. Ng3 Bg6 23. Be3 f6 24. Bd4 c5 25. exf6 gxf6 26. Be3 c4 27. bxc4 bxc4 28. Bd4 Nb4 29. Rd2 Bd3 30. Re1 Kf7 31. Ne4 Nc2 32. Rxc2 Bxc2 33. Bc3 Rd1 34. Rxd1 Bxd1 35. Nd4 Ba4 36. Kf1 a5 37. Ke2 Bd7 38. Nd2 Bb4 39. Nb1 Re8+ 40. Kd2 Rb8 41. Kc2 Ba4+ 42. Kd2 Rd8 43. Ke3 Re8+ 44. Kd2 Re4 45. Nf3 Re8 46. Nd4 Bc5 47. f3 Rd8 48. Ke3 f5 49. Nd2 Re8+ 50. Kf4 Bd6+ 51. Kxf5 Bd7+ 52. Kg5 Rg8+ 53. Kh5 Rxg2 54. Nxc4 Bf4 55. Nb6 Be8 56. Bd2 Bxd2 57. f4 Bxf4 58. Nf3 Kf6+ 0-1

[Event "SVK-chT1W 0102"]
[Site "Slovakia"]
[Date "2002.??.??"]
[Round "7.8"]
[White "Helbich, Branislav"]
[Black "Bisco, Igor"]
[Result "0-1"]
[WhiteElo "2079"]
[BlackElo "2120"]
[PlyCount "108"]
[EventDate "2001.10.??"]
[EventType "team"]
[EventRounds "11"]
[EventCountry "SVK"]
[SourceTitle "EXT 2009"]
[Source "ChessBase"]
[SourceDate "2008.11.26"]
[SourceVersion "1"]
[SourceVersionDate "2008.11.26"]
[SourceQuality "1"]

1. e4 e5 2. Nf3 Nc6 3. Bb5 a6 4. Ba4 Nf6 5. 0-0 Be7 6. Qe2 b5 7. Bb3 0-0 8. c3 d6 9. h3 Na5 10. Bc2 c5 11. d4 Qc7 12. d5 Nc4 13. Nbd2 Nxd2 14. Bxd2 Bd7 15. Rfc1 Rfb8 16. b4 g6 17. Kh2 Nh5 18. g3 a5 19. Bb3 c4 20. Bc2 axb4 21. cxb4 Ra3 22. Bd1 Rba8 23. Bc3 Qc8 24. Ng1 f5 25. f3 fxe4 26. fxe4 Qa6 27. Rc2 Rf8 28. Qd2 Nf6 29. Bf3 Qb6 30. Re1 Kg7 31. Bg2 Nh5 32. Re2 h6 33. Nf3 Qa7 34. Qc1 Kh7 35. Qe1 Bd8 36. Qc1 Bb6 37. Qd1 Ra8 38. Qa1 Be3 39. Qe1 Bb6 40. Qa1 Bc8 41. Qd1 Qe7 42. Qc1 Qf6 43. Qd2 Bd7 44. Re1 Be8 45. Rf1 Qe7 46. Qe2 Qa7 47. Rd1 Rxa2 48. Rxa2 Qxa2 49. Qxa2 Rxa2 50. Nxe5 Bf2 51. g4 Bg3+ 52. Kg1 Nf4 53. Rd2 Ne2+ 54. Kf1 Nxc3 0-1